000 00855nam1a22002651i 4500
001 v19\rc\1759443
005 20260406110917.0
035 _a(NLR Aleph) 004860470
090 _a5006016
_c5006016
100 _a20061204g19031905|||y0rusy50 ca
101 1 _arus
_cger
102 _aRU
105 _ay z |||||
200 1 _aСовременный капитализм
_eТ. 1-2
210 _aМосква
_cД.С. Горшков
_d1903-1905
215 _a3 т.
_d23
300 _aПеред загл. авт. - Вернер Зомбарт
532 1 3 _aСовременный капитализм
700 1 _4070
_8rus
_7ca
_aЗомбарт
_bВ.
_f1863-1941
_gВернер
_3RU\NLR\AUTH\77114188
_997113
801 0 _aRU
_bNLR
_gpsbo
801 1 _aRU
_bProSoft-M
_2rusmarc
852 _aNLR
_j38.68.4.19
852 _aNLR
_j133/4087
942 _cBOOK